| Record ID | marc_records_scriblio_net/part21.dat:63556757:882 |
| Source | Scriblio |
| Download Link | /show-records/marc_records_scriblio_net/part21.dat:63556757:882?format=raw |
LEADER: 00882pam 2200289 a 4500
001 90008438
003 DLC
005 19900808091436.7
008 900329s1990 nyua b 00100 eng c
010 $a 90008438
020 $a0881676322
040 $aDNLM/DLC$cDLC$dDLC
050 00 $aRC936$b.H45 1990
060 $aWE 705 H4323
082 00 $a617.5/2$220
245 00 $aHeadache and facial pain :$bdiagnosis and management : editors, by Alan L. Jacobson, William C. Donlon.
260 0 $aNew York :$bRaven Press,$cc1990.
300 $axiv, 316 p. :$bill. ;$c25 cm.
504 $aIncludes bibliographical references and index.
650 0 $aFacial pain.
650 0 $aHeadache.
650 2 $aFacial Pain$xdiagnosis.
650 2 $aFacial Pain$xtherapy.
650 2 $aHeadache$xdiagnosis.
650 2 $aHeadache$xtherapy.
700 10 $aJacobson, Alan L.
700 10 $aDonlon, William C.